1596 1825 1071 1574 1001 1245 1943 1242 1739 1806 1435 1106 1063 1401 1935 1118 1143 1852 1954 1110 1468 1887 1782 1936 1149 1969 1011 1258 1550 1773 1693 1014 1834 1051 1291 1743 1516 1170 1758 1819 1847 1492 1862 1934 1411 1896 1597 1941 1777 1218 1152 1829 1590 1967 1103 1255 1573 1810 1498 1846 1449 1012 1653 1477 1945 1498 1656 1766 1324 1594 1518 1379 1597 1525 1932 1003 1112 1427 1970 1194 1599 1011 1018 1500 1511 1771 1944 1120 1338 1636 1016 1649 1657 1895 1981 1541 1781 1834 1331 BCNSPRNW ULIB Ver.6.0+V

เปลี่ยนเป็นภาษาไทย

Change to English
 แสดงรายละเอียดบรรณานุกรม
  กลับหน้าหลัก

Brief Record : Get Marc (ISO 2709) : E-mail record : QR code < ปิดหน้าต่าง
LEADER : 00000nam 2200000uu 4500
001    13399125830
003     ULIB
008    020711s2017 th a 000 0 eng d
020    ^a9781496308900
060    ^aWY100.4^bH-B
100    ^aHogan-Quigley,Beth.
245    ^aBates' Nursing Guide to Physical Examination and History Taking/^cHogan-Quigley,Beth.
250    ^a2nd ed
260    ^aPhiladelphia :^bWolters Kluwer,^c2017
300    ^a1008 p. ;^c30 cm
650    ^aNursing Assessment^xPhysical Examination^yMedical History
945    ^p2567^l0^i003207
999    ^aประนอม เกษจรัล
รายการนี้ยังไม่มีแท็ก
คุณยังไม่ได้ล็อกอิน คุณสามารถมีกิจกรรมร่วมกับเว็บไซต์ได้ แต่ต้องล็อกอินก่อน ::
  ล็อกอิน

รายการสื่อสารสนเทศ

ลำดับที่ ประเภท เลขเรียก/บาร์โค้ด สถานที่ สถานะ
1. วิทยาศาสตร์การแพทย์ และสุขภาพ
หนังสือสำรอง
สถานะ=หนังสือสำรอง
WY100.4 H-B ฉ.1 
  Barcode: 003207
ห้องสมุดวิทยาเขตสวรรค์ประชารักษ์
►หนังสือทั่วไป
บนชั้น

BibComment


ยังไม่เคยถูกคอมเมนท์

คอมเมนท์ทรัพยากรรายการนี้
  คอมเมนท์: Bates Nursing Gu..


 Copyright 2026. Bcnsprnw @Library